000 00762nam a2200217Ii 4500
003 JO-AjNU
008 230605s9999||||xx |||||||||||||| ||und||
017 _a1988/3201
040 _aJO-AjNU
_bara
_erda
_cJO-AjNU
041 _aara
050 1 4 _aHF5681 1988
100 3 _aابو الخير، فكري,
_eauthor
_913070
245 0 0 _aمجموعة التشريعات الجديدة للمناقصات والمزايدات
250 _aط2
264 3 1 _aالقاهرة: دار الفكر العربي، 1988
300 _a230ص
_bيحتوي على ببلوغرافية من ص197-230ص
336 _atext
_btxt
_2rdacontent
337 _aunmediated
_bn
_2rdamedia
338 _avolume
_bnc
_2rdacarrier
650 4 _a القانون المالي - مصر
_913071
999 _aA3157
_c6725
_d6725